Statistics for Fornavne på gæster i Badehotellet

Click here to take the quiz!

General Stats

  • This quiz has been taken 90 times
  • The average score is 9 of 16

Answer Stats

HintAnswer% Correct
Hr. MadsenGeorg
88%
Hr. weyseEdward
82%
Fru. BerggrenAmanda
79%
Fru. MadsenTherese
70%
Hr. dupontPhillip
61%
Fru. EnevoldsenFie
60%
Fru frighAlice
56%
Fru. MolinAlma
56%
Hr. molinAugust
56%
Hr. EnevoldsenMorten
54%
Hr. BerggrenMax
53%
Løjtnant KiesslingUwe
53%
Hr. FrighOtto
51%
Hr. AndersenJulius
46%
Fru. PlougLydia
42%
Fru. AndersenMoly
40%

Score Distribution

Percentile by Number Answered

Percent of People with Each Score

Your Score History

You have not taken this quiz